[Event "Asnieres Challenge blitz"]
[Site "Asnieres sur Seine"]
[Date "2017.06.10"]
[Round "2.3"]
[White "Karagyozian, Edgar"]
[Black "Guilbert, Jean Louis"]
[Result "1-0"]
[WhiteElo "2360"]
[BlackElo "1930"]
[PlyCount "69"]
[EventDate "2017.06.10"]
[EventType "swiss (blitz)"]
[EventRounds "15"]
[EventCountry "FRA"]
[SourceTitle "EXT 2024"]
[Source "ChessBase"]
[SourceDate "2023.10.10"]
[SourceVersion "1"]
[SourceVersionDate "2023.10.10"]
[SourceQuality "1"]

1. d4 d5 2. Nf3 c5 3. e3 Nc6 4. c3 Nf6 5. Bd3 e6 6. Nbd2 Bd7 7. 0-0 b6 8. Qe2 Be7 9. b3 0-0 10. Bb2 Re8 11. Rac1 Rc8 12. Rfd1 Qc7 13. c4 cxd4 14. exd4 Qb8 15. a3 dxc4 16. bxc4 Red8 17. Ne5 Be8 18. Ndf3 Nxe5 19. Nxe5 Ba4 20. Re1 Bf8 21. Nxf7 Re8 22. Ng5 Bd7 23. Ne4 Qf4 24. Nxf6+ Qxf6 25. d5 e5 26. Bxe5 Qg5 27. Qe3 Qh5 28. Qg3 b5 29. c5 Qh6 30. c6 Re7 31. Qf4 Qxf4 32. Bxf4 Rxe1+ 33. Rxe1 Bg4 34. h3 Bh5 35. Bf5 1-0

[Event "FRA-ch op-B"]
[Site "Saint Quentin"]
[Date "2015.??.??"]
[Round "6"]
[White "Nolot, Clementine"]
[Black "Guilbert, Jean Louis"]
[Result "1-0"]
[WhiteElo "1885"]
[BlackElo "1977"]
[PlyCount "49"]
[EventDate "2015.08.09"]
[EventType "swiss"]
[EventRounds "11"]
[EventCountry "FRA"]
[SourceTitle "EXT 2016"]
[Source "ChessBase"]
[SourceDate "2015.10.08"]
[SourceVersion "1"]
[SourceVersionDate "2015.10.08"]
[SourceQuality "1"]

1. e4 c5 2. Nf3 Nc6 3. d4 cxd4 4. Nxd4 g6 5. Be3 Bg7 6. Nc3 Nf6 7. Bc4 0-0 8. Qd2 d6 9. f3 Bd7 10. g4 Rc8 11. Bb3 Ne5 12. h4 b5 13. h5 b4 14. Nce2 Nxf3+ 15. Nxf3 Bxg4 16. Ng5 Nxh5 17. 0-0-0 h6 18. Nxf7 Rxf7 19. Rhg1 Bxe2 20. Qxe2 Kf8 21. Rxg6 Qa5 22. Rd5 Qd8 23. Rd1 Nf4 24. Bxf4 Rxf4 25. Rdg1 1-0

[Event "Cappelle op 30th"]
[Site "Cappelle la Grande"]
[Date "2014.03.05"]
[Round "6"]
[White "Guilbert, Jean Louis"]
[Black "Klinova, Masha"]
[Result "0-1"]
[WhiteElo "2021"]
[BlackElo "2302"]
[PlyCount "106"]
[EventDate "2014.03.01"]
[EventType "swiss"]
[EventRounds "9"]
[EventCountry "FRA"]
[SourceTitle "CBM 159 Extra"]
[Source "ChessBase"]
[SourceDate "2014.04.24"]
[SourceVersion "1"]
[SourceVersionDate "2014.04.24"]
[SourceQuality "1"]

1. d4 d6 2. c4 e5 3. dxe5 dxe5 4. Qxd8+ Kxd8 5. Nc3 Be6 6. e3 Nd7 7. Nf3 f6 8. Be2 c6 9. 0-0 Ne7 10. Rd1 Nc8 11. b3 Kc7 12. Bb2 a5 13. Rac1 Ncb6 14. Nd5+ Kb8 15. a3 Bf7 16. Nxb6 Nxb6 17. b4 Be6 18. b5 Na4 19. bxc6 Nxb2 20. cxb7 Kxb7 21. Rb1 Bxa3 22. Rd3 Bb4 23. Rxb2 Rhd8 24. Ne1 Kc7 25. Nc2 Be7 26. Rxd8 Rxd8 27. Kf1 a4 28. Nb4 Bxb4 29. Rxb4 Ra8 30. Rb1 a3 31. Ke1 Bf5 32. Ra1 Kd6 33. Kd2 Kc5 34. Kc3 a2 35. Bf3 Ra4 36. Kb3 Rb4+ 37. Kxa2 Ra4+ 38. Kb2 Rxa1 39. Kxa1 Kxc4 40. Kb2 Kd3 41. Kc1 e4 42. Bd1 g6 43. h3 Be6 44. h4 h6 45. Bc2+ Ke2 46. Bxe4 f5 47. Bc6 Kxf2 48. e4 Kg3 49. Kd2 Kxh4 50. Ke3 Kg3 51. Bd5 f4+ 52. Kd4 Bc8 53. e5 g5 0-1

[Event "Cappelle op 29th"]
[Site "Cappelle la Grande"]
[Date "2013.02.25"]
[Round "4"]
[White "Guilbert, Jean Louis"]
[Black "Haast, Anne"]
[Result "1/2-1/2"]
[WhiteElo "2023"]
[BlackElo "2268"]
[PlyCount "85"]
[EventDate "2013.02.23"]
[EventType "swiss"]
[EventRounds "9"]
[EventCountry "FRA"]
[SourceTitle "CBM 153 Extra"]
[Source "ChessBase"]
[SourceDate "2013.04.22"]
[SourceVersion "1"]
[SourceVersionDate "2013.04.22"]
[SourceQuality "1"]

1. d4 Nf6 2. c4 c5 3. d5 b5 4. cxb5 a6 5. bxa6 g6 6. Nc3 Bxa6 7. f4 Bg7 8. Nf3 d6 9. e4 Bxf1 10. Rxf1 Nfd7 11. Kf2 0-0 12. Kg1 Nb6 13. e5 Na6 14. e6 fxe6 15. Ng5 Nc7 16. Nxe6 Nxe6 17. dxe6 Qc8 18. Re1 Qc6 19. Ne4 Rab8 20. Rb1 Qa8 21. a3 Nd5 22. Qg4 Nc3 23. Nxc3 Bxc3 24. Re2 Bd4+ 25. Kh1 Qa4 26. Qg3 Be5 27. h3 Rb3 28. Qe1 Bxf4 29. Bxf4 Qxf4 30. Rd1 Rfb8 31. Rdd2 Qf6 32. Rf2 Qg5 33. Qe2 Re3 34. Qf1 Qe5 35. Rde2 Qxe6 36. Rxe3 Qxe3 37. Qc4+ Kh8 38. Re2 Qg5 39. Qe6 Rxb2 40. Rxb2 Qc1+ 41. Kh2 Qxb2 42. Qxe7 Qb8 43. Qf6+ 1/2-1/2

[Event "Le Touquet op-A"]
[Site "Le Touquet"]
[Date "2008.10.25"]
[Round "1"]
[White "Guilbert, Jean Louis"]
[Black "Housieaux, David"]
[Result "0-1"]
[WhiteElo "2009"]
[BlackElo "2425"]
[PlyCount "72"]
[EventDate "2008.10.25"]
[EventType "swiss"]
[EventRounds "9"]
[EventCountry "FRA"]
[SourceTitle "EXT 2009"]
[Source "ChessBase"]
[SourceDate "2008.11.26"]
[SourceVersion "1"]
[SourceVersionDate "2008.11.26"]
[SourceQuality "1"]

1. d4 g6 2. c4 Bg7 3. Nc3 d6 4. e4 Nf6 5. f4 0-0 6. Nf3 c5 7. d5 e6 8. Be2 exd5 9. cxd5 Bg4 10. 0-0 Bxf3 11. Bxf3 Nbd7 12. Qe1 Ne8 13. Qg3 Nc7 14. Re1 Qe7 15. Be3 Nb6 16. e5 Nc4 17. exd6 Qxd6 18. Ne4 Qd7 19. Nxc5 Qb5 20. Bf2 Nd6 21. a4 Qxb2 22. Rab1 Qa2 23. f5 Nce8 24. Qf4 Rd8 25. Bh4 Rc8 26. f6 Bh6 27. Qxh6 Nf5 28. Qf4 Rxc5 29. Bg5 Rc4 30. Qe5 h6 31. g4 Nd4 32. Bg2 hxg5 33. Rxb7 Rc2 34. Be4 Re2 35. Rf1 Qd2 36. Rxf7 Qe3+ 0-1

[Event "FRA-ch op-A"]
[Site "Pau"]
[Date "2008.08.15"]
[Round "4"]
[White "Brongers, Henk"]
[Black "Guilbert, Jean Louis"]
[Result "1-0"]
[WhiteElo "2070"]
[BlackElo "2003"]
[PlyCount "53"]
[EventDate "2008.08.11"]
[EventType "swiss"]
[EventRounds "9"]
[EventCountry "FRA"]
[SourceTitle "CBM 126 Extra"]
[Source "ChessBase"]
[SourceDate "2008.11.05"]
[SourceVersion "1"]
[SourceVersionDate "2008.11.05"]
[SourceQuality "1"]

1. e4 c5 2. Nf3 Nc6 3. d4 cxd4 4. Nxd4 e5 5. Nb5 a6 6. Nd6+ Bxd6 7. Qxd6 Qf6 8. Qxf6 Nxf6 9. Nc3 d5 10. exd5 Nb4 11. Bd3 Nxd3+ 12. cxd3 Bf5 13. Bg5 h6 14. Bxf6 gxf6 15. Rd1 Rd8 16. f4 Ke7 17. 0-0 Bg6 18. f5 Bh7 19. Rfe1 Kd6 20. Re4 Bg8 21. Rb4 b5 22. a4 Kc5 23. Rh4 Rb8 24. axb5 axb5 25. b4+ Kb6 26. Ra1 Rd8 27. Ra5 1-0

[Event "Le Touquet op 22nd"]
[Site "Le Touquet"]
[Date "2007.10.27"]
[Round "1"]
[White "Guilbert, Jean Louis"]
[Black "Eliet, Nicolas"]
[Result "0-1"]
[WhiteElo "2007"]
[BlackElo "2447"]
[PlyCount "48"]
[EventDate "2007.10.27"]
[EventType "swiss"]
[EventRounds "9"]
[EventCountry "FRA"]
[SourceTitle "EXT 2008"]
[Source "ChessBase"]
[SourceDate "2007.11.25"]
[SourceVersion "1"]
[SourceVersionDate "2007.11.25"]
[SourceQuality "1"]

1. d4 Nf6 2. c4 e6 3. Nc3 Bb4 4. Bg5 h6 5. Bh4 c5 6. e3 b6 7. Nge2 cxd4 8. exd4 Bb7 9. a3 Be7 10. d5 Nxd5 11. Bxe7 Nxe7 12. Ng3 Nbc6 13. Qg4 Ng6 14. 0-0-0 Qg5+ 15. Qxg5 hxg5 16. Nge4 Ke7 17. Nxg5 Nce5 18. f3 f5 19. Kb1 Rh5 20. h4 Rah8 21. Be2 Nf4 22. g3 Nxe2 23. Nxe2 Nxf3 24. Nf7 Be4+ 0-1

[Event "Bethune op 27th"]
[Site "Bethune"]
[Date "2006.12.26"]
[Round "1"]
[White "Guilbert, Jean Louis"]
[Black "Schut, Lisa"]
[Result "1-0"]
[WhiteElo "2062"]
[BlackElo "1967"]
[PlyCount "47"]
[EventDate "2006.12.26"]
[EventType "swiss"]
[EventRounds "9"]
[EventCountry "FRA"]
[SourceTitle "CBM 116 Extra"]
[Source "ChessBase"]
[SourceDate "2007.03.07"]
[SourceVersion "1"]
[SourceVersionDate "2007.03.07"]
[SourceQuality "1"]

1. d4 Nf6 2. c4 g6 3. Nc3 d5 4. cxd5 Nxd5 5. e4 Nxc3 6. bxc3 Bg7 7. Nf3 c5 8. Be3 Nc6 9. Rc1 cxd4 10. cxd4 Qa5+ 11. Bd2 Qxa2 12. d5 Na5 13. Bb5+ Bd7 14. Bxd7+ Kxd7 15. Rc2 Qa3 16. Qb1 Qb3 17. 0-0 b6 18. Bxa5 Qxb1 19. Rxb1 bxa5 20. Rb7+ Ke8 21. Rcc7 Bf8 22. Ne5 a4 23. Rxa7 Rxa7 24. Rc8# 1-0

[Event "Le Touquet op 20th"]
[Site "Le Touquet"]
[Date "2005.10.27"]
[Round "6"]
[White "Cappon, John"]
[Black "Guilbert, Jean Louis"]
[Result "1/2-1/2"]
[WhiteElo "2216"]
[BlackElo "2054"]
[PlyCount "46"]
[EventDate "2005.10.23"]
[EventType "swiss"]
[EventRounds "9"]
[EventCountry "FRA"]
[SourceTitle "EXT 2006"]
[Source "ChessBase"]
[SourceDate "2005.11.24"]
[SourceVersion "1"]
[SourceVersionDate "2005.11.24"]
[SourceQuality "1"]

1. e4 c5 2. Nf3 d6 3. Bb5+ Bd7 4. Bxd7+ Qxd7 5. 0-0 Nc6 6. c3 Nf6 7. d4 e5 8. Re1 Be7 9. Na3 0-0 10. Nc4 Rad8 11. Bg5 Ng4 12. Bxe7 Qxe7 13. h3 Nf6 14. Ne3 exd4 15. Nd5 Nxd5 16. exd5 Ne5 17. cxd4 Nxf3+ 18. Qxf3 Qg5 19. dxc5 dxc5 20. Rad1 Rd6 21. Re3 Rfd8 22. Qe2 g6 23. Re5 Qf6 1/2-1/2

[Event "Le Touquet op 20th"]
[Site "Le Touquet"]
[Date "2005.10.27"]
[Round "7"]
[White "Guilbert, Jean Louis"]
[Black "Windels, Jan"]
[Result "1-0"]
[WhiteElo "2057"]
[BlackElo "2001"]
[PlyCount "81"]
[EventDate "2005.10.23"]
[EventType "swiss"]
[EventRounds "9"]
[EventCountry "FRA"]
[SourceTitle "EXT 2006"]
[Source "ChessBase"]
[SourceDate "2005.11.24"]
[SourceVersion "1"]
[SourceVersionDate "2005.11.24"]
[SourceQuality "1"]

1. d4 d5 2. c4 Nc6 3. Nc3 e5 4. cxd5 Nxd4 5. e3 Nf5 6. Nf3 Bd6 7. Bb5+ Bd7 8. Bxd7+ Qxd7 9. e4 Nfe7 10. 0-0 a6 11. Be3 Nf6 12. Nd2 Ng4 13. Nc4 Nxe3 14. Nxe3 0-0 15. Rc1 f5 16. exf5 Nxf5 17. Qg4 g6 18. h4 Qg7 19. Nc2 Rae8 20. Ne4 h6 21. b4 Be7 22. Nc5 Bxc5 23. bxc5 Kh7 24. Rb1 Qe7 25. Qc4 Nxh4 26. Rxb7 Nf3+ 27. gxf3 Rf4 28. Qxf4 exf4 29. d6 Qg5+ 30. Kh2 Qh4+ 31. Kg1 Re5 32. Rxc7+ Kg8 33. Re1 Rg5+ 34. Kf1 Qh1+ 35. Ke2 Re5+ 36. Kd2 Rxe1 37. Nxe1 Qh5 38. d7 Qd5+ 39. Nd3 Qxa2+ 40. Kd1 Qb3+ 41. Ke2 1-0

[Event "Le Touquet op 19th"]
[Site "Le Touquet"]
[Date "2004.10.30"]
[Round "8"]
[White "Brunner, Nicolas"]
[Black "Guilbert, Jean Louis"]
[Result "1-0"]
[WhiteElo "2269"]
[BlackElo "2038"]
[PlyCount "83"]
[EventDate "2004.10.25"]
[EventType "swiss"]
[EventRounds "9"]
[EventCountry "FRA"]
[SourceTitle "EXT 2016"]
[Source "ChessBase"]
[SourceDate "2015.10.08"]
[SourceVersion "1"]
[SourceVersionDate "2015.10.08"]
[SourceQuality "1"]

1. d4 d5 2. c4 c6 3. Nc3 Nf6 4. Nf3 a6 5. c5 Bf5 6. Bf4 Nbd7 7. h3 h6 8. e3 e6 9. Be2 Be7 10. 0-0 0-0 11. b4 Qc8 12. Nd2 Re8 13. f3 Bd8 14. e4 dxe4 15. fxe4 Bg6 16. Nc4 Bc7 17. Bxc7 Qxc7 18. e5 Nd5 19. Nxd5 exd5 20. Nd6 Re7 21. Bh5 Nf8 22. Bxg6 Nxg6 23. Qg4 Qd7 24. Nf5 Re6 25. h4 h5 26. Qxh5 Nf8 27. Nd6 Rh6 28. Qxf7+ Qxf7 29. Rxf7 Ne6 30. Rxb7 Nxd4 31. Rf1 Rxh4 32. Nf5 Nxf5 33. Rxf5 Rf8 34. Rxf8+ Kxf8 35. Rb6 Kf7 36. Rxa6 Rxb4 37. Rxc6 Ra4 38. Rd6 Rxa2 39. Rxd5 Ke6 40. Rd6+ Kxe5 41. Rg6 Rc2 42. Rxg7 1-0

[Event "Le Touquet op 18th"]
[Site "Le Touquet"]
[Date "2003.10.28"]
[Round "3"]
[White "Marchand, Francois"]
[Black "Guilbert, Jean Louis"]
[Result "1-0"]
[WhiteElo "2297"]
[BlackElo "2100"]
[PlyCount "69"]
[EventDate "2003.10.26"]
[EventType "swiss"]
[EventRounds "9"]
[EventCountry "FRA"]
[SourceTitle "EXT 2004"]
[Source "ChessBase"]
[SourceDate "2003.11.25"]
[SourceVersion "1"]
[SourceVersionDate "2003.11.25"]
[SourceQuality "1"]

1. d4 d5 2. c4 Bf5 3. Qb3 dxc4 4. Qxb7 Nd7 5. Nc3 Nb6 6. Nb5 Rc8 7. e4 a6 8. exf5 axb5 9. g3 Qd5 10. Bg2 Qxb7 11. Bxb7 Rb8 12. Bc6+ Nd7 13. Nf3 e6 14. Ne5 Bb4+ 15. Kf1 Ngf6 16. Bg5 Rb6 17. Bxf6 gxf6 18. Bxd7+ Kf8 19. Nc6 Bd2 20. Ke2 c3 21. b4 h5 22. h4 Rg8 23. a4 bxa4 24. Rxa4 Rg4 25. Ra8+ Kg7 26. Ra7 Re4+ 27. Kd3 exf5 28. Bxf5 Re1 29. Rxe1 Bxe1 30. Rxc7 Bxf2 31. d5 Bxg3 32. Rc8 Bxh4 33. d6 Rb5 34. d7 Rd5+ 35. Kxc3 1-0

[Event "Bethune op-A 23th"]
[Site "Bethune"]
[Date "2002.12.26"]
[Round "1"]
[White "Golubev, Mikhail"]
[Black "Guilbert, Jean Louis"]
[Result "1-0"]
[WhiteElo "2528"]
[BlackElo "2114"]
[PlyCount "33"]
[EventDate "2002.12.26"]
[EventType "swiss"]
[EventRounds "7"]
[EventCountry "FRA"]
[SourceTitle "CBM 091 Extra"]
[Source "ChessBase"]
[SourceDate "2003.01.09"]
[SourceVersion "1"]
[SourceVersionDate "2003.01.09"]
[SourceQuality "1"]

1. e4 c5 2. Nf3 Nc6 3. Nc3 Nf6 4. Bb5 a6 5. Bxc6 dxc6 6. d3 Bg4 7. h3 Bxf3 8. Qxf3 e6 9. Bf4 Be7 10. 0-0-0 Nd7 11. d4 cxd4 12. Rxd4 Qa5 13. Rhd1 Rd8 14. Qd3 Nc5 15. Rxd8+ Bxd8 16. Qd6 f6 17. Be3 1-0

[Event "Cappelle op 06th"]
[Site "Cappelle la Grande"]
[Date "1990.02.21"]
[Round "5"]
[White "Bouhallel, Rabah"]
[Black "Guilbert, Jean Louis"]
[Result "0-1"]
[WhiteElo "2240"]
[BlackElo "1930"]
[PlyCount "58"]
[EventDate "1990.02.18"]
[EventType "swiss"]
[EventRounds "9"]
[EventCountry "FRA"]
[SourceTitle "EXT 2004"]
[Source "ChessBase"]
[SourceDate "2003.11.25"]
[SourceVersion "1"]
[SourceVersionDate "2003.11.25"]
[SourceQuality "1"]

1. d4 d5 2. Nf3 c5 3. c3 Nf6 4. dxc5 e6 5. b4 a5 6. Qb3 b6 7. cxb6 axb4 8. cxb4 Qxb6 9. b5 Bd7 10. e3 Be7 11. Nbd2 Qa5 12. Bd3 Ne4 13. Nd4 Nc5 14. Qc2 Nxd3+ 15. Qxd3 e5 16. Nf5 Bxf5 17. Qxf5 Qxb5 18. Rb1 Qa5 19. Qc8+ Qd8 20. Qb7 Nd7 21. Qxd5 0-0 22. 0-0 Nc5 23. Qxe5 Rxa2 24. Nf3 Nd3 25. Qb5 Ra5 26. Qb7 Nc5 27. Qc6 Qd3 28. Bb2 Ra6 29. Qc7 Bd6 0-1

[Event "Cappelle op 06th"]
[Site "Cappelle la Grande"]
[Date "1990.02.20"]
[Round "4"]
[White "Guilbert, Jean Louis"]
[Black "Forster, Michael"]
[Result "1/2-1/2"]
[WhiteElo "1930"]
[BlackElo "2330"]
[PlyCount "117"]
[EventDate "1990.02.18"]
[EventType "swiss"]
[EventRounds "9"]
[EventCountry "FRA"]
[SourceTitle "EXT 2004"]
[Source "ChessBase"]
[SourceDate "2003.11.25"]
[SourceVersion "1"]
[SourceVersionDate "2003.11.25"]
[SourceQuality "1"]

1. d4 Nf6 2. c4 g6 3. Nc3 Bg7 4. Bg5 h6 5. Bh4 c5 6. d5 g5 7. Bg3 Qa5 8. Qa4 Qxa4 9. Nxa4 d6 10. Nc3 Nh5 11. e4 Nxg3 12. hxg3 f5 13. Bd3 0-0 14. Nge2 Na6 15. a3 Nc7 16. Rb1 e6 17. dxe6 Bxe6 18. exf5 Bxf5 19. Bxf5 Rxf5 20. f4 Re8 21. 0-0 g4 22. Rfd1 d5 23. cxd5 Nxd5 24. Kf2 Nxc3 25. bxc3 Rf7 26. Rd5 Rfe7 27. Rb2 b6 28. Rbd2 Bf6 29. Rd6 Kf7 30. Rd7 Rxd7 31. Rxd7+ Re7 32. Rxe7+ Kxe7 33. Ke3 b5 34. Ke4 Ke6 35. Kd3 Kd5 36. Nc1 c4+ 37. Kd2 Be7 38. Na2 Bxa3 39. Nb4+ Bxb4 40. cxb4 Ke4 41. Kc3 h5 42. Kc2 h4 43. gxh4 Kxf4 44. g3+ Kxg3 45. h5 Kf2 46. h6 g3 47. h7 g2 48. h8Q g1Q 49. Qf6+ Ke2 50. Qe5+ Qe3 51. Qh5+ Kf1 52. Qxb5 Qe2+ 53. Kc1 Ke1 54. Qc5 Qd2+ 55. Kb1 c3 56. Qg1+ Ke2 57. Qg2+ Kd3 58. Qd5+ Ke3 59. Qe5+ 1/2-1/2